000 00253nam a2200097Ia 4500
001 1300823
005 20260420095911.0
008 260420s9999 xx 000 0 und d
245 0 _aKORKUSUZ KAPTANLAR
_cRUDYARD KIPLING
260 _bGENÇ TİMAŞ YAYINLARI
999 _c1300823
_d1300823